Principles of mathematical analysis
Αποθηκεύτηκε σε:
| Κύριος συγγραφέας: | |
|---|---|
| Μορφή: | Βιβλίο |
| Γλώσσα: | English |
| Δημοσίευση: |
New York :
McGraw-Hill,
[1976]
|
| Έκδοση: | 3d ed. |
| Σειρά: | International series in pure and applied mathematics
|
| Θέματα: | |
| Ετικέτες: |
Προσθήκη ετικέτας
Δεν υπάρχουν, Καταχωρήστε ετικέτα πρώτοι!
|
MARC
| LEADER | 00000cam a2200000 i 4500 | ||
|---|---|---|---|
| 001 | 1/18063 | ||
| 008 | 941103s1976 nyu| | | |||| | eng|| | ||
| 020 | |a 0070856133 | ||
| 020 | |a 007054235X | ||
| 035 | |l 10066361 | ||
| 040 | |a GR-MyUa |b gre |e AACR2 | ||
| 041 | 0 | |a eng | |
| 082 | 0 | |a 515 |2 (22) | |
| 100 | 1 | |a Rudin, Walter, |d 1921-2010. | |
| 245 | 1 | 0 | |a Principles of mathematical analysis / |c Walter Rudin. |
| 250 | |a 3d ed. | ||
| 260 | |a New York : |b McGraw-Hill, |c [1976] | ||
| 300 | |a x, 342 σ. ; |c 24 εκ. | ||
| 490 | 1 | |a (International series in pure and applied mathematics) | |
| 504 | |a Περιέχει βιβλιογραφικές παραπομπές και ευρετήριο. | ||
| 650 | 0 | |a Mathematical analysis. | |
| 767 | 0 | 8 | |i Μεταφρασμένο ως: |t Αρχές μαθηματικής αναλύσεως / |
| 767 | 0 | 8 | |i Μεταφρασμένο ως: |t Αρχές μαθηματικής αναλύσεως / |
| 830 | 0 | |a International series in pure and applied mathematics | |
| 852 | |a INST |b CHIOS |e 20001204 |h 515 RUD |p 005200017082 |q 005200017082 |t BK |y 0 | ||
| 852 | |a INST |b LESVOS |e 20010307 |h 515 RUD |p 005100029055 |q 005100029055 |t BK |y 0 | ||
| 852 | |a INST |b SAMOS |e 19941103 |h 515 RUD |p 005300001854 |q 005300001854 |t BK |y 12 | ||
| 852 | |a INST |b SAMOS |e 19941103 |h 515 RUD |p 005300001855 |q 005300001855 |t BK |y 12 | ||
| 852 | |a INST |b SAMOS |e 19941103 |h 515 RUD |p 005300001856 |q 005300001856 |t BK |y 0 | ||
| 852 | |a INST |b SAMOS |e 19941103 |h 515 RUD |p 005300006565 |q 005300006565 |t BK |y 0 | ||
| 852 | |a INST |b SAMOS |e 20000612 |h 515 RUD |p 005300011243 |q 005300011243 |t BK |y 0 | ||
| 852 | |a INST |b SAMOS |e 20000612 |h 515 RUD |p 005300011244 |q 005300011244 |t BK |y 23 | ||
| 852 | |a INST |b SAMOS |e 20000612 |h 515 RUD |p 005300011245 |q 005300011245 |t BK |y 0 | ||
| 852 | |a INST |b SAMOS |e 19980518 |h 515 RUD |p 005300011461 |q 005300011461 |t BK |y 0 | ||
| 852 | |a INST |b SAMOS |e 19941103 |h 515 RUD |p 005300014132 |q 005300014132 |t BK |y 12 | ||
| 852 | |a INST |b SAMOS |e 19941103 |h 515 RUD |p 005300014133 |q 005300014133 |t BK |y 12 | ||
| 852 | |a INST |b SAMOS |e 20010503 |h 515 RUD |p 005300021517 |q 005300021517 |t BK |y 0 | ||
| 852 | |a INST |b SAMOS |e 20010503 |h 515 RUD |p 005300021518 |q 005300021518 |t BK |y 0 | ||
| 852 | |a INST |b SAMOS |e 20010503 |h 515 RUD |p 005300021519 |q 005300021519 |t BK |y 0 | ||
| 852 | |a INST |b SAMOS |e 20010120 |h 515 RUD |p 005300022427 |q 005300022427 |t BK |y 0 | ||
| 852 | |a INST |b SAMOS |e 20010120 |h 515 RUD |p 005300022428 |q 005300022428 |t BK |y 0 | ||
| 901 | |a BIBL3-1998-2 | ||
| 922 | |a 3ΕΛΗ |b 200010 |c ΤΣΑΕ |d Παπασωτηρίου | ||
| 922 | |a 3ΕΛΗ |b 199805 |c ΚΠΣ |d Παπασωτηρίου | ||
| 922 | |a 2ΕΛΗ |b 200010 |c ΜΟΔ |d Μιχαλόπουλος | ||
| 922 | |a 1ΕΛΗ |b 200102 |c ΤΑΚ/ΤΕΘ |d Μιχαλόπουλος | ||
| 950 | |a 186-2000-09-15 | ||
| 950 | |a 134-2000-12-06 | ||
| 970 | |a Πουρνάρας |b Δημήτρης |z 2001/01/20 | ||